00424nam a2200181Ia 4500008004100000020001800041050001600059100002100075245002000096245002400116260001500140260001600155260000900171300001600180300002600196300001100222500000900233170918s9999 xx 000 0 und d a9780439385503 bS531ja 2001 aSharon, Robinson aJackie's nine / cby Sharon Robinson. aNew York : bScholastic, c2001 a181 pages : bcolor illustrations ; c23 cm. a1040